000 00708nam a2200193 a 4500
001 000839546
003 AM-YEHGA
005 20250617164817.0
008 111019s1962 ru r 000 0 rus d
040 _aAM-YeHGA
041 0 _arus
100 1 _aПеремыкин, Василий Ильич
245 1 0 _aЭкономика возделывания кукурузы на Кубани /
_cВ. Перемыкин, Н. Дворядкин.
260 _aКраснодар :
_bКраснодарское кн. изд-во,
_c1962.
300 _a148 с. :
_bтабл., рис. ;
_c19 см.
650 1 4 _aКукуруза
700 1 _aДворядкин, Николай Иванович
090 _c568374
999 _c529888
_d529888